| 000 | 00615nam a22002057a 4500 | ||
|---|---|---|---|
| 999 |
_c10695 _d10695 |
||
| 003 | AR-CdUCM | ||
| 008 | 190401b ||||| |||| 00| 0 spa d | ||
| 040 |
_aMUNICIPALIDAD PROVINCIAL DEL CUSCO _cBIBLIOTECA MUNICIPAL DEL CUSCO |
||
| 082 |
_aEP / 752.974 / _bR77 |
||
| 100 |
_aRojo, Vicente _927677 |
||
| 245 | _aPara iluminar / | ||
| 260 |
_aMéxico : _bEdiciones ermitaño, _c1984. |
||
| 300 |
_a38 páginas ; _bFiguras, _c27 cm. |
||
| 505 | _aContenido: Imágenes y figuras. | ||
| 650 |
_aFiguras _914139 |
||
| 650 |
_aLaberintos _927678 |
||
| 650 |
_aImágenes _927679 |
||
| 942 |
_2ddc _cLIBROS |
||
| 945 | _adavv | ||